| 000 | 00637nam a2200169Ia 4500 | ||
|---|---|---|---|
| 008 | 220217s9999||||xx |||||||||||||| ||eng|| | ||
| 082 | _aRP.0349 | ||
| 100 |
_aPatil, P. Y. _uUniversity of Mumbai _vMumbai |
||
| 245 | 4 |
_aThe social dimensions of biodiversity and its conservation in the Western ghats of Ratnagiri district, Maharashtra / _cP. Y. Patil |
|
| 260 |
_aNew Delhi : _bIndian Council of Social Science Research, _c2015 |
||
| 300 | _a70p. | ||
| 536 | _aIndian Council of Social Science Research | ||
| 546 | _aEnglish | ||
| 650 |
_aBiodiversity _zIndiaWestern Ghats |
||
| 650 | _aConservation of natural resources | ||
| 942 | _cRP | ||
| 999 |
_c27385 _d27385 |
||